000 01678nam a2200361Ia 4500
001 ebr10052976
003 CaPaEBR
006 m u
007 cr cn|||||||||
008 031122s2003 mdua ss 001 0 eng d
020 _z0890598967
040 _aCaPaEBR
_cCaPaEBR
035 _a(OCoLC)56072892
050 1 4 _aLB2846
_b.A45 2003eb
245 0 4 _aThe almanac of American education, 2004
_h[electronic resource] /
_cedited by Deirdre A. Gaquin and Katherine A. DeBrandt.
246 3 0 _aAmerican education, 2004
260 _aLanham, MD :
_bBernan Press,
_cc2003.
300 _axii, 353 p. :
_bill.
500 _a"Premier edition"--P. xi.
500 _aIncludes index.
505 0 _apt. A. National school enrollment and educational attainment statistics -- pt. B. State education statistics -- pt. C. County education statistics -- Guide to educational resources on the Internet.
533 _aElectronic reproduction.
_bPalo Alto, Calif. :
_cebrary,
_d2009.
_nAvailable via World Wide Web.
_nAccess may be limited to ebrary affiliated libraries.
650 0 _aEducation
_zUnited States
_vStatistics.
650 0 _aEducation
_zUnited States
_xStates
_vStatistics.
650 0 _aEducation
_xDemographic aspects
_zUnited States
_vStatistics.
650 0 _aEducation
_xDemographic aspects
_zUnited States
_xStates
_vStatistics.
650 0 _aCounty school systems
_zUnited States
_vStatistics.
655 7 _aElectronic books.
_2local
700 1 _aGaquin, Deirdre.
700 1 _aDeBrandt, Katherine A.
710 2 _aebrary, Inc.
856 4 0 _uhttp://site.ebrary.com/lib/rucke/Doc?id=10052976
_zAn electronic book accessible through the World Wide Web; click to view
999 _c169014
_d169014